000 00330cam a22001097a 4500
008 180718b1958 xxu||||| |||| 00| 0 eng d
082 _aI56x54
100 _aBhargava, K.D. editor
245 _aAn introduction to national archives
_cby K.D. Bhargava
260 _aNew Delhi
_bDirector National Arvices of India
_c1958
300 _a32+p
999 _c491664
_d491664